书目信息 |
| 题名: |
战争哀歌
|
|
| 作者: | 保宁 著 ;夏露 译 | |
| 分册: | ||
| 出版信息: | 长沙 湖南文艺出版社 2019.04 |
|
| 页数: | 295页 | |
| 开本: | 21cm | |
| 丛书名: | ||
| 单 册: | ||
| 中图分类: | I333.45 | |
| 科图分类: | ||
| 主题词: | 长篇小说--chang pian xiao shuo--越南--现代 | |
| 电子资源: | ||
| ISBN: | 978-7-5404-9088-1 | |
| 000 | 01112nam0 2200265 450 | |
| 001 | 202019138257 | |
| 005 | 20191026133322.0 | |
| 010 | @a978-7-5404-9088-1@dCNY48.00 | |
| 100 | @a20191025d2019 em y0chiy50 ea | |
| 101 | 1 | @achi@cvie |
| 102 | @aCN@b430000 | |
| 105 | @ay z 000ay | |
| 106 | @ar | |
| 200 | 1 | @a战争哀歌@Azhan zheng ai ge@d= The sorrow of war@f(越) 保宁著@g夏露译@zeng |
| 210 | @a长沙@c湖南文艺出版社@d2019.04 | |
| 215 | @a295页@d21cm | |
| 314 | @a保宁, 小说家, 原名黄幼方, 主要作品有《战争哀歌》《摩托车时代》等。夏露, 北京大学外国语学院东南亚系副教授。 | |
| 330 | @a《战争哀歌》是越南作家保宁的代表小说。作品描述了一对年轻情侣的生活在越南战争战争中受到的冲击, 主人公阿坚成为了幸存者, 但战争带来的伤痛还远远没有平息。那些经历仍旧萦绕在成为作家的阿坚身上, 被战争毁灭的不仅仅是阿坚, 阿芳也遭遇了难以想象的梦魇。 | |
| 510 | 1 | @aSorrow of war@zeng |
| 606 | 0 | @a长篇小说@Achang pian xiao shuo@y越南@z现代 |
| 690 | @aI333.45@v5 | |
| 701 | 1 | @a保宁@Abao ning@g(Ninh, Bao),@f1952-@4著 |
| 702 | 0 | @a夏露@Axia lu@4译 |
| 801 | 0 | @aCN@c20190905 |
| 905 | @a河南城建学院图书馆@dI333.45@eB271 | |
| 战争哀歌= The sorrow of war/(越) 保宁著/夏露译.-长沙:湖南文艺出版社,2019.04 |
| 295页;21cm |
| ISBN 978-7-5404-9088-1:CNY48.00 |
| 《战争哀歌》是越南作家保宁的代表小说。作品描述了一对年轻情侣的生活在越南战争战争中受到的冲击, 主人公阿坚成为了幸存者, 但战争带来的伤痛还远远没有平息。那些经历仍旧萦绕在成为作家的阿坚身上, 被战争毁灭的不仅仅是阿坚, 阿芳也遭遇了难以想象的梦魇。 |
| ● |
| 相关链接 |
|
|
|
正题名:战争哀歌
索取号:I333.45/B271
 
预约/预借
| 序号 | 登录号 | 条形码 | 馆藏地/架位号 | 状态 | 备注 |
| 1 | 1456418 | 214564185 | 文学库116/116文学库 15排4列3层/ [索取号:I333.45/B271] | 在馆 | |
| 2 | 1456419 | 214564194 | 文学库116/116文学库 15排4列3层/ [索取号:I333.45/B271] | 在馆 |